Beautiful world, where are you (Record no. 366020)
[ view plain ]
| 000 -LEADER | |
|---|---|
| fixed length control field | 00469nam a22001817a 4500 |
| 003 - CONTROL NUMBER IDENTIFIER | |
| control field | 0 |
| 005 - DATE AND TIME OF LATEST TRANSACTION | |
| control field | 20240625143538.0 |
| 008 - FIXED-LENGTH DATA ELEMENTS--GENERAL INFORMATION | |
| fixed length control field | 240625b xxu||||| |||| 00| 0 eng d |
| 020 ## - INTERNATIONAL STANDARD BOOK NUMBER | |
| International Standard Book Number | 978-0-571-36543-2 |
| 050 ## - LIBRARY OF CONGRESS CALL NUMBER | |
| Classification number | PR 6118 |
| Item number | .R66 2021 |
| 100 ## - MAIN ENTRY--PERSONAL NAME | |
| Relator code | Rooney, Sally |
| 9 (RLIN) | 1 |
| 110 ## - MAIN ENTRY--CORPORATE NAME | |
| Relator code | Rooney, Sally |
| 9 (RLIN) | 1 |
| 245 ## - TITLE STATEMENT | |
| Title | Beautiful world, where are you |
| Statement of responsibility, etc | Rooney, Sally |
| 260 ## - PUBLICATION, DISTRIBUTION, ETC. (IMPRINT) | |
| Place of publication, distribution, etc | New Delhi |
| Name of publisher, distributor, etc | Faber |
| Date of publication, distribution, etc | C2021 |
| 300 ## - PHYSICAL DESCRIPTION | |
| Extent | 336pp. |
| Dimensions | 22cm. |
| 500 ## - GENERAL NOTE | |
| General note | Fiction. |
| 942 ## - ADDED ENTRY ELEMENTS (KOHA) | |
| Source of classification or shelving scheme | Library of Congress Classification |
| Koha item type | Books |
No items available.